विश्व के प्रमुख तानाशाह / (Record no. 69793)

MARC details
000 -LEADER
fixed length control field 02424nam a22003497a 4500
005 - DATE AND TIME OF LATEST TRANSACTION
control field 20110426154449.0
008 - FIXED-LENGTH DATA ELEMENTS--GENERAL INFORMATION
fixed length control field 090408t xxu||||| |||| 00| 0 hin d
010 ## - LCCN (DPL NO)
LC control number HIN-96628 B-492731-734
020 ## - INTERNATIONAL STANDARD BOOK NUMBER
International Standard Book Number 9789382480020
Terms of availability 300.00
035 ## - SYSTEM CONTROL NUMBER
System control number HN-68974 B-492731-734
037 ## - SOURCE OF ACQUISITION
Source of stock number/acquisition DBAD / PUB
037 ## - SOURCE OF ACQUISITION
Source of stock number/acquisition रिसर्चो बुक्स
040 ## - CATALOGING SOURCE
Original cataloging agency DPL
Language of cataloging HN
082 ## - DEWEY DECIMAL CLASSIFICATION NUMBER
Classification number 398.7
100 ## - MAIN ENTRY--PERSONAL NAME
9 (RLIN) 27482
Personal name एम.पी.कमल
245 ## - TITLE STATEMENT
Title विश्व के प्रमुख तानाशाह /
Statement of responsibility, etc एम.पी.कमल
260 ## - PUBLICATION, DISTRIBUTION, ETC. (IMPRINT)
Place of publication, distribution, etc नई दिल्ली
Name of publisher, distributor, etc कृशिव प्रकाशन
Date of publication, distribution, etc 2012
270 ## - ADDRESS
Address 6-7, श्याम भवन एन.एस.मार्ग दरिया गंज
City नई दिल्ली
Postal code 110002
300 ## - PHYSICAL DESCRIPTION
Extent 168पृ
Dimensions 22 सेमी (सजिल्द)
650 ## - SUBJECT ADDED ENTRY--TOPICAL TERM
9 (RLIN) 1169
650 ## - SUBJECT ADDED ENTRY--TOPICAL TERM
9 (RLIN) 1170
700 ## - ADDED ENTRY--PERSONAL NAME
9 (RLIN) 27483
710 ## - ADDED ENTRY--CORPORATE NAME
9 (RLIN) 52094
942 ## - ADDED ENTRY ELEMENTS (KOHA)
Institution code [OBSOLETE] dpl
Item type Hindi Books
Source of classification or shelving scheme Dewey Decimal Classification
Call number suffix एमपी
Classification part 398.7
Holdings
Withdrawn status Lost status Source of classification or shelving scheme Damaged status Not for loan Collection code Home library Current library Date acquired Source of acquisition Cost, normal purchase price Total Checkouts Full call number Barcode Date last seen Copy number Cost, replacement price Koha item type Public note
    Dewey Decimal Classification     Non-fiction Central Library Central Library 08/03/2013 रिसर्चो बुक्स/32947/17.01.13/7/18.12.12/20.02.13 300.00   398.7 एमपी B-492731 08/03/2013 1 300.00 Hindi Books Legal Case Register (2018)
    Dewey Decimal Classification   Not For Loan Non-fiction D.B.Act.Division D.B.Act.Division 07/09/2012 DBAB/PUB 300.00   398.7 एमपी HN-68974 07/09/2012 1 300.00 Hindi Books  
    Dewey Decimal Classification     Non-fiction Karol Bagh Karol Bagh 08/03/2013 रिसर्चो बुक्स/32947/17.01.13/7/18.12.12/20.02.13 300.00   398.7 एमपी B-492732 08/03/2013 1 300.00 Hindi Books  
    Dewey Decimal Classification     Non-fiction New Rohtak Road New Rohtak Road 08/03/2013 रिसर्चो बुक्स/32947/17.01.13/7/18.12.12/20.02.13 300.00   398.7 एमपी B-492733 08/03/2013 1 300.00 Hindi Books  
    Dewey Decimal Classification     Non-fiction Shahdara Branch Shahdara Branch 08/03/2013 रिसर्चो बुक्स/32947/17.01.13/7/18.12.12/20.02.13 300.00   398.7 एमपी B-492734 08/03/2013 1 300.00 Hindi Books  

© Delhi Public Library
Hit Counter
free hit counter